000 00396 a2200097 4500
020 _a9261022618
920 _a92-61-02261-8
245 0 _aCCITT Plenary Assembly (Red Book) Malaga-Torremolinos, 1984 :
_bManmachine Language (MML), Recommendations Z.301-Z.341 : Fascicle /
_c.
_nVol.VI.13
710 2 _aInternational Telecommunication Union.
_eWydawca
_4pbl
260 _aGeneva :
_bITU,
_c1984.
300 _aVIII, 178 s.;
_c30 cm.
999 _c13826
_d13826